| 000 | 00504nam a22001817a 4500 | ||
|---|---|---|---|
| 003 | CEME | ||
| 005 | 20210628203329.0 | ||
| 008 | 210127b xxu||||| |||| 00| 0 eng d | ||
| 020 | _a0-07-136301-7 | ||
| 040 | _c. | ||
| 082 | _a621.382 HAR | ||
| 100 |
_aHarte, Lawrence:Kikta, Roman:Levine, Richard _964759 |
||
| 245 | _a3g wirless demystified | ||
| 260 |
_aNEW YORK _bMCGRAW HILL _c2002 |
||
| 300 | _aXXXI,496P | ||
| 650 |
_a3G WIRLESS DEMYSTIFIED.WCDMA.TD/CDMA.CDMA 2000. _964760 |
||
| 942 |
_cBK _2ddc |
||
| 999 |
_c573164 _d573164 |
||